Statistiche per Marcatori della Germania ai Mondiali - Germania 2006

Clicka qui per fare il quiz!

Statistiche generali

  • Questo quiz è stato fatto 2 volte
  • Il punteggio medio è 7 su 11

Statistiche sulle risposte

PartitaMinutoMarcatore% Corretto
Germania - Costa Rica 4-217'Miroslav Klose
100%
Germania - Costa Rica 4-261'Miroslav Klose
100%
Ecuador - Germania 0-34'Miroslav Klose
100%
Ecuador - Germania 0-344'Miroslav Klose
100%
Germania - Argentina 5-3 (d.c.r.)80'Miroslav Klose
100%
Ecuador - Germania 0-357'Lukas Podolski
50%
Germania - Svezia 2-04'Lukas Podolski
50%
Germania - Svezia 2-012'Lukas Podolski
50%
Germania - Polonia 1-091'Oliver Neuville
0%
Germania - Costa Rica 4-26'Philipp Lahm
0%
Germania - Costa Rica 4-287'Torsten Frings
0%

Distribuzione punteggi

Percentile per numero di risposta

Percentuale di utenti per punteggio

I tuoi punteggi nel tempo

Non hai fatto questo quiz